| 000 | 00745nam a22002057a 4500 | ||
|---|---|---|---|
| 999 |
_c7504 _d7504 |
||
| 003 | AR-CdUCM | ||
| 008 | 190320b ||||| |||| 00| 0 spa d | ||
| 040 |
_aMUNICIPALIDAD PROVINCIAL DEL CUSCO _cBIBLIOTECA MUNICIPAL DEL CUSCO |
||
| 082 |
_a146 / _bL52 |
||
| 100 |
_aLetorneau, Carlos _921180 |
||
| 245 | _aCiencia y materialismo / | ||
| 260 |
_aBuenos Aires : _bMaucci hermanos e hijos, _c1909. |
||
| 300 |
_a189 páginas ; _c18 cm. |
||
| 505 | _aContenido: Biología general -- Psicología biologica -- Fisiologia del amor -- Etnografía general -- El ultimo de los hombres ... | ||
| 650 |
_aCiencia _92098 |
||
| 650 |
_aPsicologia biologica _921181 |
||
| 700 |
_aMedina, Aurelio (traducción) _921182 |
||
| 942 |
_2ddc _cLIBROS |
||
| 945 | _aafb | ||